00856nam a2200205 a 450000100100000000500170001000800410002704000250006808200150009310000330010824500330014125000110017426000640018530000230024904900090027295201240028195201120040595201180051799900150063500000950320200929161618.0090930s1951 dr 000 0 spa d aDO-SdBNPbspacBNPHU axxxbV635i1 aVicioso V., A. Felino92431510aIris /cA. Felino Vicioso V. a2a ed. aCiudad Trujillo, República Dominicana :bMontalvo,c1951. a175 p. : ;c23 cm. aBNPD 001054708RVaGRbGRcCTd2011-03-30iLF1l0oxxx V635ip9503-30r2020-06-25te. 3w2020-06-25y4ZPréstamo en sala 001050718RVaPDbPDcHDd2009-09-30iLF1l0oxxx V635ip9503-10r2020-06-25w2020-06-25y1ZNo se presta 001050718RVaPDbPDcCTd2011-03-25iLF1l0oxxx V635ip9503-20r2020-06-25te. 2w2020-06-25y1ZNo se presta c9263d9263